[Event "PRAGUE OPEN 2019 - B - FIDE open"]
[Site "Praha, Olympik hotel"]
[Date "2019.01.17"]
[Round "8"]
[White "Eliseev, Sergey"]
[Black "Bublik, Frantisek"]
[Result "1-0"]
[WhiteElo "1737"]
[BlackElo "1845"]
[PlyCount "74"]
[EventDate "2019.01.11"]

1. d4 c6 2. e4 Qc7 3. Nf3 d6 4. Nc3 Bg4 5. Bc4 Nf6 6. O-O Nbd7 7. h3 Bh5 8. a4
e5 9. dxe5 dxe5 10. Re1 Bb4 11. Bd2 O-O 12. Nb1 Bxd2 13. Nbxd2 Rad8 14. c3 Nb6
15. Qb3 Rd7 16. a5 Nxc4 17. Qxc4 Rfd8 18. g4 Bg6 19. Re2 Rd3 20. Kg2 Ne8 21.
Nb3 Rd1 22. Rxd1 Rxd1 23. Qc5 b6 24. axb6 axb6 25. Qxe5 f6 26. Qxc7 Nxc7 27.
Nbd4 c5 28. Nf5 Bxf5 29. exf5 Rd7 30. c4 Kf7 31. Rd2 Rxd2 32. Nxd2 b5 33. cxb5
Nxb5 34. Ne4 c4 35. Kf3 g6 36. fxg6+ hxg6 37. Nc5 g5 1-0

[Event "PRAGUE OPEN 2019 - B - FIDE open"]
[Site "Praha, Olympik hotel"]
[Date "2019.01.17"]
[Round "8"]
[White "Pyzio, Amelia"]
[Black "Nemecek St, Pavel"]
[Result "1/2-1/2"]
[WhiteElo "1646"]
[BlackElo "1814"]
[PlyCount "82"]
[EventDate "2019.01.11"]

1. e4 e6 2. d4 d5 3. exd5 exd5 4. c4 Nf6 5. Nc3 Bb4 6. Be3 O-O 7. Nf3 Nbd7 8.
a3 Be7 9. Bd3 dxc4 10. Bxc4 Nb6 11. Bb3 Nbd5 12. O-O Bg4 13. h3 Bh5 14. Rc1 c6
15. Re1 Re8 16. g4 Bg6 17. Ne5 Nxc3 18. Rxc3 Nd5 19. Rc1 Bh4 20. Qf3 Bf6 21.
Bd2 a5 22. Rc5 Nc7 23. Nxg6 hxg6 24. Rxa5 Rxe1+ 25. Bxe1 Qxd4 26. Bc3 Qd8 27.
Rxa8 Nxa8 28. g5 Bxc3 29. Qxf7+ Kh7 30. bxc3 Qxg5+ 31. Kh2 Qe5+ 32. Kg2 Qxc3
33. h4 Kh6 34. Qf4+ Kh7 35. Qf7 Kh6 36. Qg8 g5 37. Qh8+ Kg6 38. h5+ Kf5 39.
Qf8+ Ke4 40. f3+ Ke3 41. Qe7+ Kd2 1/2-1/2

[Event "PRAGUE OPEN 2019 - B - FIDE open"]
[Site "Praha, Olympik hotel"]
[Date "2019.01.17"]
[Round "8"]
[White "Turp, Hueseyin"]
[Black "Lachmair, Erwin"]
[Result "1/2-1/2"]
[WhiteElo "1652"]
[BlackElo "1961"]
[PlyCount "31"]
[EventDate "2019.01.11"]

1. d4 d5 2. Bf4 Nf6 3. e3 Bg4 4. Be2 Bxe2 5. Nxe2 e6 6. Nd2 c5 7. h3 Nc6 8. c3
c4 9. O-O Bd6 10. Bg5 h6 11. Bh4 b5 12. b4 a5 13. a3 Qc7 14. Bxf6 gxf6 15. e4
dxe4 16. Nxe4 1/2-1/2

[Event "PRAGUE OPEN 2019 - B - FIDE open"]
[Site "Praha, Olympik hotel"]
[Date "2019.01.17"]
[Round "8"]
[White "Poborsky, Josef"]
[Black "Rakovsky, Jakub"]
[Result "1-0"]
[WhiteElo "1885"]
[BlackElo "1702"]
[PlyCount "105"]
[EventDate "2019.01.11"]

1. e4 c5 2. Nf3 g6 3. d4 cxd4 4. Nxd4 Bg7 5. Be3 Nc6 6. c3 Nf6 7. Nd2 O-O 8.
Be2 d5 9. Nxc6 bxc6 10. e5 Ne4 11. f4 Bb7 12. Nxe4 dxe4 13. Qc2 Qc7 14. O-O-O
c5 15. h4 Rfd8 16. h5 Rxd1+ 17. Qxd1 g5 18. g3 Rd8 19. Qg1 Qa5 20. h6 Qxa2 21.
Kc2 Bh8 22. Qa1 Qe6 23. Qxa7 Qc6 24. Rh5 gxf4 25. gxf4 c4 26. Qa1 Kf8 27. Qa3
Rd3 28. Bc5 Qd7 29. Kb1 e3 30. Rg5 Rd2 31. Bxe7+ Qxe7 32. Rg8+ Kxg8 33. Qxe7
Be4+ 34. Ka2 Bg7 35. Bxc4 Bg6 36. hxg7 Kxg7 37. Qf6+ Kf8 38. e6 e2 39. e7+ Ke8
40. Bb5+ Rd7 41. Bxd7+ Kxd7 42. Qe5 f6 43. Qxe2 f5 44. b3 h5 45. c4 h4 46. c5
h3 47. c6+ Kxc6 48. e8=Q+ Bxe8 49. Qxe8+ Kc5 50. Qe3+ Kb5 51. Qxh3 Kc5 52.
Qxf5+ Kd4 53. Qe5+ 1-0

[Event "PRAGUE OPEN 2019 - B - FIDE open"]
[Site "Praha, Olympik hotel"]
[Date "2019.01.17"]
[Round "8"]
[White "Glienke, Michael"]
[Black "Otrubova, Kristyna"]
[Result "1-0"]
[WhiteElo "1780"]
[BlackElo "1694"]
[PlyCount "69"]
[EventDate "2019.01.11"]

1. d4 d5 2. Bf4 Nf6 3. e3 g6 4. c4 Bg7 5. Nf3 Nbd7 6. Nc3 c6 7. Rc1 O-O 8. h3
dxc4 9. Bxc4 Nb6 10. Bb3 Nbd5 11. Bg3 Be6 12. Qc2 Nb4 13. Qd2 Bxb3 14. axb3
Nbd5 15. O-O Qb6 16. Qd1 Rac8 17. Re1 Qd8 18. Ra1 a5 19. Qe2 e6 20. Rec1 b6 21.
Bh4 Qd6 22. Qd1 Nxc3 23. bxc3 c5 24. Bg3 Qc6 25. dxc5 Rfd8 26. Qc2 Qxc5 27. Ra4
Nd5 28. Rc4 Qb5 29. Nd4 Qd7 30. Qe2 Rxc4 31. Qxc4 Rc8 32. Qa6 Nxc3 33. Kf1 Bxd4
34. exd4 Qxd4 35. Qxc8+ 1-0

[Event "PRAGUE OPEN 2019 - B - FIDE open"]
[Site "Praha, Olympik hotel"]
[Date "2019.01.17"]
[Round "8"]
[White "Dwilewicz, Andrzej"]
[Black "Dwilewicz, Agata"]
[Result "1/2-1/2"]
[WhiteElo "1594"]
[BlackElo "1748"]
[PlyCount "34"]
[EventDate "2019.01.11"]

1. d4 Nf6 2. c4 e6 3. Nc3 Bb4 4. a3 Bxc3+ 5. bxc3 d5 6. e3 O-O 7. Nf3 Nbd7 8.
Bd3 c5 9. O-O Qc7 10. cxd5 exd5 11. Bd2 c4 12. Bc2 Nb6 13. Qe1 Bg4 14. h3 Bh5
15. Qe2 Bg6 16. Bxg6 hxg6 17. Qd1 Rfe8 1/2-1/2

[Event "PRAGUE OPEN 2019 - B - FIDE open"]
[Site "Praha, Olympik hotel"]
[Date "2019.01.17"]
[Round "8"]
[White "Kubik, Jaroslav"]
[Black "Juhanak, Daniel"]
[Result "1-0"]
[WhiteElo "1739"]
[BlackElo "1498"]
[PlyCount "70"]
[EventDate "2019.01.11"]

1. c4 Nf6 2. Nc3 b6 3. e4 e5 4. Nf3 Bb7 5. Qc2 Nc6 6. a3 a5 7. d3 h6 8. h3 Bc5
9. Be3 Nd4 10. Qd1 Qe7 11. Be2 O-O 12. Bxd4 Bxd4 13. Nxd4 exd4 14. Nb5 Qc5 15.
a4 c6 16. Na3 Qg5 17. O-O d5 18. f4 Qg3 19. Rf3 Qh4 20. cxd5 cxd5 21. e5 Nh7
22. Nb5 f6 23. Nd6 Bc8 24. Qb3 Be6 25. f5 Bf7 26. Nxf7 Rxf7 27. Qxd5 Re8 28. e6
Rfe7 29. Kh2 Ng5 30. Rg3 Qf4 31. Rf1 Qd2 32. Bh5 Rc8 33. h4 Nh7 34. Bf7+ Kf8
35. Qf3 Rcc7 1-0

[Event "PRAGUE OPEN 2019 - B - FIDE open"]
[Site "Praha, Olympik hotel"]
[Date "2019.01.17"]
[Round "8"]
[White "Lansky, Petr"]
[Black "Pflantz, Mike"]
[Result "1/2-1/2"]
[WhiteElo "1705"]
[BlackElo "1984"]
[PlyCount "50"]
[EventDate "2019.01.11"]

1. e4 e6 2. d4 d5 3. Nd2 Nf6 4. e5 Nfd7 5. f4 c5 6. c3 Nc6 7. Ngf3 Qb6 8. Nb3
cxd4 9. cxd4 a5 10. a4 Bb4+ 11. Bd2 Bxd2+ 12. Kxd2 f6 13. Bb5 O-O 14. g3 fxe5
15. fxe5 Rxf3 16. Qxf3 Nxd4 17. Nxd4 Qxd4+ 18. Bd3 Nxe5 19. Qf4 Qxf4+ 20. gxf4
Nc6 21. Rad1 Bd7 22. b3 Rf8 23. Rhf1 Be8 24. Kc2 g6 25. Kc3 Kf7 1/2-1/2

[Event "PRAGUE OPEN 2019 - A - IM open"]
[Site "Praha, Olympik hotel"]
[Date "2019.01.18"]
[Round "9"]
[White "Zhang, Ziji"]
[Black "Wang, Yiye"]
[Result "1/2-1/2"]
[BlackElo "2443"]
[WhiteElo "2387"]
[LiveChessVersion "1.4.8"]

1. d4 d5 2. c4 c6 3. cxd5 cxd5 4. Nc3 Nc6 5. Nf3 Nf6 6. Bf4 Bf5 7. e3 e6 8. Bd3
Bxd3 9. Qxd3 Bd6 10. Bxd6 Qxd6 11. O-O O-O 12. Rfc1 Rfc8 13. Nb5 Qd8 14. Nc3 Qd6
15. Nb5 Qd8 16. Nc3 1/2-1/2

[Event "PRAGUE OPEN 2019 - A - IM open"]
[Site "Praha, Olympik hotel"]
[Date "2019.01.18"]
[Round "9"]
[White "Frolov, Artur"]
[Black "Gomes, Mary Ann"]
[Result "1-0"]
[BlackElo "2296"]
[WhiteElo "2430"]
[LiveChessVersion "1.4.8"]

1. e4  c5  2. Nf3  d6
 3. d4  cxd4  4. Nxd4
 Nf6  5. Nc3  a6 
6. Be3  e5  7. Nb3  Be6
 8. Qd2  Nbd7  9. f3
 b5  10. O-O-O  Rc8
 11. g4  Nb6  12. Qf2
 Nfd7  13. Nd5  Bxd5
 14. exd5  Nc4  15. Kb1
 Nxe3  16. Qxe3  Be7
 17. h4  Bxh4  18. f4
 Be7  19. Bd3  exf4
 20. Qxf4  Ne5  21. Nd4
 Bg5  22. Qe4  g6
 23. Nc6  Qf6  24. Rhe1
 O-O  25. Nxe5  Qxe5
 26. Qxe5  dxe5  27. Rxe5
 Bf6  28. Re4  Rfd8
 29. c4  bxc4  30. Bxc4
 Rd6  31. b4  Bg5
 32. Bb3  Rb8  33. Kc2
 Rb7  34. a3  Rf6
 35. Bc4  Rd6  36. Kb3
 Kg7  37. Rde1  Bh4
 38. R1e2  Bd8  39. Re8
 a5  40. b5  h6 
41. R2e4  Kf6  42. Ka4  Bb6
 43. Rh8  Re7  44. Rxe7
 Kxe7  45. Rb8  Rf6
 46. Rxb6  Rxb6  47. Kxa5
 Rb8  48. b6  Kd6
 49. Kb5  h5  50. gxh5
 gxh5  51. a4  h4
 52. Bf1  Re8  53. a5
 Re1  54. Bg2  Rb1+
 55. Ka6  Rb2  56. b7
 Kc7  57. d6+  Kxd6
 58. Ka7  Kc7  59. Ka8
 h3  60. Bh1  h2 
61. a6  f5  62. a7  Rxb7
 63. Bxb7  f4  64. Bf3
 Kc8  65. Bh1  Kc7
 66. Bb7  1-0

[Event "PRAGUE OPEN 2019 - A - IM open"]
[Site "Praha, Olympik hotel"]
[Date "2019.01.18"]
[Round "9"]
[White "Ajay Krishna, S"]
[Black "Plischki, Sebastian"]
[Result "0-1"]
[BlackElo "2426"]
[WhiteElo "2289"]
[LiveChessVersion "1.4.8"]

1. Nf3  Nf6  2. c4  g6
 3. Nc3  Bg7  4. g3
 O-O  5. Bg2  c6 
6. O-O  d6  7. d3  a6
 8. Bd2  Re8  9. Rc1
 e5  10. b4  d5 
11. Bg5  h6  12. Bxf6  Bxf6
 13. cxd5  cxd5  14. e4
 d4  15. Nd5  Nc6
 16. Nd2  Be6  17. a3
 Bg7  18. Nc4  h5
 19. Qd2  Rb8  20. a4
 Kh7  21. f4  exf4
 22. Qxf4  Bh6  23. Nf6+
 Kg7  24. Nxe8+  Qxe8
 25. Qf6+  Kg8  26. Rb1
 Bxc4  27. dxc4  Ne5
 28. c5  d3  29. h3
 Bg7  30. Qd6  Rd8
 31. Qb6  Qe7  32. b5
 Nc4  33. Qa7  Bd4+
 34. Kh2  Bxc5  35. b6
 Ne5  36. Rf6  Qxf6
 37. Qxb7  d2  38. Qc7
 Qd6  39. Qxd6  Bxd6
 40. b7  Bb8  41. Rd1
 Nc4  42. Bf3  h4
 43. Be2  hxg3+  44. Kh1
 Ne3  45. Rb1  d1=Q+
 46. Bxd1  Rxd1+  47. Rxd1
 Nxd1  0-1

[Event "PRAGUE OPEN 2019 - A - IM open"]
[Site "Praha, Olympik hotel"]
[Date "2019.01.18"]
[Round "9"]
[White "Liu, Guanchu"]
[Black "Serrano Salvador, Eduardo"]
[Result "0-1"]
[BlackElo "2282"]
[WhiteElo "2425"]
[LiveChessVersion "1.4.8"]

1. e4  c5  2. Nf3  e6
 3. d4  cxd4  4. Nxd4
 Nc6  5. Nc3  Qc7
 6. Be3  a6  7. Qd2
 Nf6  8. O-O-O  Be7
 9. f3  b5  10. Kb1
 h5  11. Bf2  Ne5
 12. Bg3  h4  13. Bxe5
 Qxe5  14. f4  Qc7
 15. e5  b4  16. exf6
 bxc3  17. fxg7  Rg8
 18. Qxc3  Qxc3  19. bxc3
 Rxg7  20. Kc1  Bb7
 21. Kd2  h3  22. Rg1
 hxg2  23. Be2  O-O-O
 24. Ke3  Rh8  25. Bf3
 Rh3  0-1

[Event "PRAGUE OPEN 2019 - A - IM open"]
[Site "Praha, Olympik hotel"]
[Date "2019.01.18"]
[Round "9"]
[White "Kacharava, Nikolozi"]
[Black "Kozak, Antoni"]
[Result "1-0"]
[BlackElo "2236"]
[WhiteElo "2397"]
[LiveChessVersion "1.4.8"]

1. e4  c5  2. Nf3  e6
 3. d4  cxd4  4. Nxd4
 Nc6  5. Nc3  d6 
6. Be3  Nf6  7. f3  Be7
 8. Qd2  d5  9. O-O-O
 O-O  10. Be2  dxe4
 11. Nxc6  bxc6  12. Qxd8
 Bxd8  13. Nxe4  Nxe4
 14. fxe4  Bb6  15. Bxb6
 axb6  16. a3  Ba6
 17. Bxa6  Rxa6  18. Rd6
 b5  19. Re1  e5 
20. Re3  f5  21. exf5  Rxf5
 22. Re6  Rf2  23. Rg3
 Kf7  24. Rxe5  Ra7
 25. Rc5  Rf6  26. Rf3
 Rxf3  27. gxf3  Rc7
 28. b4  Ke8  29. c4
 bxc4  30. Rxc4  Kd7
 31. Rh4  h6  32. Kb2
 Kc8  33. Kc3  Rf7
 34. f4  Ra7  35. Kb3
 Rd7  36. Kc4  Kb7
 37. a4  Rd2  38. Rg4
 g5  39. h4  gxf4
 40. Rxf4  Rc2+  41. Kb3
 Rh2  42. a5  Ka6
 43. Rf6  Rxh4  44. Rxc6+
 Kb7  45. Rg6  h5
 46. Rh6  Rg4  47. Rxh5
 Rg7  48. Ka4  Ka7
 49. Rh4  Rf7  50. b5
 Rg7  51. Kb4  Rf7
 52. a6  Rf1  53. Rh7+
 Kb8  54. Ka5  Rf5
 55. Rd7  Ka8  56. Kb6
 Rf8  57. Rd5  Rc8
 58. Ka5  Rh8  59. b6
 Kb8  60. a7+  1-0

[Event "PRAGUE OPEN 2019 - A - IM open"]
[Site "Praha, Olympik hotel"]
[Date "2019.01.18"]
[Round "9"]
[White "Gschnitzer, Adrian"]
[Black "Pechac, Jergus"]
[Result "1-0"]
[BlackElo "2472"]
[WhiteElo "2368"]
[LiveChessVersion "1.4.8"]

1. e4  e5  2. Nf3  Nc6
 3. d4  exd4  4. Nxd4
 Bb4+  5. c3  Be7
 6. g3  h5  7. h3
 b6  8. Nxc6  dxc6
 9. Qxd8+  Bxd8  10. Be3
 a5  11. Nd2  a4 
12. O-O-O  Bb7  13. Bg2  Ne7
 14. f4  c5  15. Rhe1
 Nc8  16. Bh1  Ne7
 17. Bf3  Ra7  18. Nc4
 Bc8  19. Ne5  Be6
 20. Be2  Bxa2  21. Bb5+
 c6  22. Nxc6  Nxc6
 23. Bxc6+  Ke7  24. f5
 Bb3  25. Rd2  Bc7
 26. Rd7+  Kf8  27. Kb1
 g5  28. Bxg5  Kg7
 29. e5  1-0

[Event "PRAGUE OPEN 2019 - A - IM open"]
[Site "Praha, Olympik hotel"]
[Date "2019.01.18"]
[Round "9"]
[White "Vojta, Tomas"]
[Black "Lalic, Bogdan"]
[Result "0-1"]
[BlackElo "2418"]
[WhiteElo "2351"]
[LiveChessVersion "1.4.8"]

1. d4  Nf6  2. c3  g6
 3. Nf3  Bg7  4. Bg5
 O-O  5. Nbd2  d5
 6. e3  Nbd7  7. h3
 c5  8. Bd3  b6 
9. O-O  Bb7  10. Qb1  Re8
 11. Re1  e5  12. e4
 cxd4  13. cxd4  h6
 14. Bxf6  Qxf6  15. Bb5
 Bc6  16. dxe5  Nxe5
 17. Bxc6  Qxc6  18. Nxe5
 Bxe5  19. exd5  Qxd5
 20. Nf3  Bf6  21. Qc2
 Kg7  22. Red1  Qb5
 23. Rd2  Rac8  24. Qd1
 Rcd8  25. Rb1  Rxd2
 26. Qxd2  Re2  27. Nd4
 Rxd2  28. Nxb5  Bxb2
 29. Nxa7  Bd4  30. a4
 Bxf2+  31. Kh1  Rc2
 32. Nb5  f5  33. Ra1
 h5  34. Rd1  h4 
35. Rf1  Bg3  36. Na3  Rc3
 37. Ra1  Be5  38. Re1
 Kf6  39. Nb1  Rc4
 40. Nd2  Rxa4  41. Nf3
 Bg3  42. Rb1  Bf2
 43. Kh2  g5  44. Nd2
 g4  45. Rf1  Kg6
 46. Kh1  Be3  47. Nb3
 Rb4  48. Rb1  Kg5
 49. Kh2  g3+  50. Kh1
 Kf4  51. Rf1+  Ke4
 52. Rb1  f4  53. Rd1
 f3  0-1

[Event "PRAGUE OPEN 2019 - A - IM open"]
[Site "Praha, Olympik hotel"]
[Date "2019.01.18"]
[Round "9"]
[White "Naumkin, Igor"]
[Black "Liu, Zhaoqi"]
[Result "1/2-1/2"]
[BlackElo "2300"]
[WhiteElo "2418"]
[LiveChessVersion "1.4.8"]

1. d4  Nf6  2. c4  c5
 3. d5  e6  4. Nc3
 exd5  5. cxd5  d6
 6. e4  g6  7. Nf3
 Bg7  8. Be2  O-O
 9. O-O  Bg4  10. h3
 Bxf3  11. Bxf3  a6
 12. a4  Nbd7  13. Bf4
 Ne8  14. Qd2  Qe7
 15. Rae1  Nc7  16. Be2
 Rab8  17. Bg5  f6
 18. Bh4  b5  19. f4
 Qf7  20. e5  dxe5
 21. d6  Ne6  22. fxe5
 Nxe5  23. axb5  axb5
 24. Bxb5  Qb7  25. d7
 Kh8  26. Qd6  g5
 27. Bg3  Nf4  28. Bxf4
 gxf4  29. Rxf4  Rg8
 30. Re2  Ra8  31. Kh2
 Raf8  32. Kh1  f5
 33. Qe6  Ng6  34. Rxf5
 Bxc3  35. Bc6  Qb6
 36. Rxf8  Nxf8  37. Qd6
 Nxd7 38. bxc3  Qb1+  39. Kh2
 Qf1  40. Bf3  Qc1
 41. Qxd7  Qf4+  42. Kg1
 Qxf3  43. Qd2  Qxh3
 44. Re5  c4  45. Re4
 Qd3  46. Qxd3  cxd3
 47. Rd4  Rc8  48. Rxd3
 Kg7  49. Rf3  Ra8
 50. c4  Ra1+  51. Rf1
 Ra2  52. Rc1  Kf6
 53. c5  Ke7  54. Kh2
 Kd7  55. c6+  Kc7
 56. Kg3  Ra6  57. Rh1
 Rxc6  58. Rxh7+  Kd8
 59. Rf7  Ke8  60. Rf2
 Ke7  61. Kh4  Rc8
 62. g4  Rh8+  63. Kg3
 Rg8  64. Rf4  Ke6
 65. Kh4  Ke5  66. Rf5+
 Ke6  67. Kh5  Rh8+
 68. Kg5  Rg8+  69. Kf4
 Ra8  70. Kg3  Rg8
 71. Kh4  Rh8+  72. Rh5
 Ra8  73. Rh7  Kf6
 74. Kh5  Ra5+  75. Kh6
 Rg5  76. Rf7+  Kxf7
 77. Kxg5  Kg7  78. Kf5
 Kf7  79. g5  Kg7
 80. g6  Kg8  81. Kf6
 Kf8  82. g7+  Kg8
 83. Kg6 1/2-1/2

[Event "PRAGUE OPEN 2019 - A - IM open"]
[Site "Praha, Olympik hotel"]
[Date "2019.01.18"]
[Round "9"]
[White "Krivonosov, Oleg"]
[Black "Oboladze, Luka"]
[Result "1-0"]
[BlackElo "2295"]
[WhiteElo "2390"]
[LiveChessVersion "1.4.8"]

1. Nf3  g6  2. c4  Bg7
 3. e4  e5  4. d4
 exd4  5. Nxd4  Ne7
 6. Nc3  Nbc6  7. Be3
 O-O  8. Be2  d6 
9. O-O  f5  10. Nxc6  Nxc6
 11. exf5  Bxf5  12. Qd2
 Qd7  13. Rad1  Qf7
 14. Bf3  Kh8  15. Bd5
 Qd7  16. b3  Rae8
 17. Bxc6  bxc6  18. c5
 Qe7  19. cxd6  cxd6
 20. Bd4  Bxd4  21. Qxd4+
 Qf6  22. h3  h5 
23. Rd2  d5  24. Qxf6+  Rxf6
 25. Rc1  Rfe6  26. Kf1
 g5  27. Na4  g4 
28. h4  Kg7  29. Nc5  R6e7
 30. b4  Re5  31. Nb3
 Bc8  32. Nc5  Bf5
 33. g3  Bc8  34. a4
 Bf5  35. Nb3  Rb8
 36. Nd4  Be4  37. Nxc6 Rc8 38.
b5  Bf3  39. Rb1  Re4
 40. Nd4  Rc4  41. Nxf3
 gxf3  42. Rd3  Rxa4
 43. Rxf3  Rab4  44. Ra1
 Re7  45. Rfa3  Kf6
 46. Rxa7 Rxa7  47. Rxa7  Rxb5
 48. Ke2  Rb2+  49. Ke3
 Rb3+  50. Kd4  Rb2
 51. Ra8  Kg7  52. Ke3
 Kf6  53. Rh8  Rb3+
 54. Kd4  Rb2  55. Rh6+
 Kg7  56. Rxh5  Rxf2
 57. Rxd5  Rf3  58. Rg5+
 Kh6  59. Ke4  Ra3
 60. Kf4  Ra4+  61. Kf3
 Ra3+  62. Kg4  Ra4+
 63. Kh3  Ra3  64. Re5
 Kg6  65. h5+  Kh6
 66. Kh4  Ra1  67. Re6+
 Kg7  68. g4  Ra4
 69. h6+  Kh7  70. Kh5
 Ra5+  71. g5  1-0

[Event "PRAGUE OPEN 2019 - A - IM open"]
[Site "Praha, Olympik hotel"]
[Date "2019.01.18"]
[Round "9"]
[White "Low, Zhen Yu Cyrus"]
[Black "Zhang, Xiaopeng"]
[Result "1-0"]
[BlackElo "2299"]
[WhiteElo "2385"]
[LiveChessVersion "1.4.8"]

1. e4  e5  2. Nf3  Nc6
 3. Bc4  Bc5  4. O-O
 Nf6  5. d3  d6 
6. c3  a6  7. Bb3  Ba7
 8. Nbd2  O-O  9. h3
 Be6  10. Bc2  h6
 11. Re1  Re8  12. Nf1
 d5  13. exd5  Nxd5
 14. Ng3  Qd6  15. Nh4
 Qf8  16. Nhf5  Nde7
 17. Qh5  Nxf5  18. Nxf5
 Bxf5  19. Qxf5  Qd6
 20. Qe4  f5  21. Qc4+
 Kh8  22. Be3  Bxe3
 23. Rxe3  b5  24. Qh4
 Rf8  25. Rae1  Rf6
 26. Qh5  Raf8  27. Qd1
 Qc5  28. Qd2  Rg6
 29. Bb3  e4  30. Qd1
 Rd8  31. Qh5  Rg5
 32. Qe2  Qf8  33. f4
 exf3  34. Qxf3  f4
 35. Re6  Na5  36. Bc2
 Rg3  37. Qf2  Rg5
 38. Rf1  Rf5  39. Rxa6
 Nb7  40. d4  Rf7
 41. Bg6  Rf6  42. Rxf6
 Qxf6  43. Bb1  Rf8
 44. Qc2  Kg8  45. Qh7+
 Kf7  46. Qe4  Nd6
 47. Qxf4  1-0

[Event "PRAGUE OPEN 2019 - A - IM open"]
[Site "Praha, Olympik hotel"]
[Date "2019.01.18"]
[Round "9"]
[White "Kulkarni, Bhakti"]
[Black "Vokac, Marek"]
[Result "1-0"]
[BlackElo "2380"]
[WhiteElo "2303"]
[LiveChessVersion "1.4.8"]

1. e4  c5  2. c3  Nf6
 3. e5  Nd5  4. d4
 cxd4  5. Qxd4  e6
 6. Nf3  Nc6  7. Qe4
 f5  8. exf6  Nxf6
 9. Qh4  d5  10. Bd3
 Bd6  11. Bg6+  Kd7
 12. Bc2  h6  13. Be3
 g5  14. Qa4  a6 
15. Nd4  b5  16. Nxb5  axb5
 17. Qxa8  Ne8  18. b4
 Qf6  19. Qa3  Nc7
 20. O-O  Bb7  21. Nd2
 Ra8  22. Qb3  Be5
 23. Rad1  Kc8  24. Nb1
 Ne8  25. Rfe1  Nd6
 26. Bd3  Kc7  27. Qc2
 Rf8  28. a4  bxa4
 29. b5  Na5  30. Bd4
 Bxd4  31. cxd4+  Nac4
 32. Rd2  Kd7  33. Bxc4
 dxc4  34. Rde2  Qxd4
 35. Rxe6  Kc8  36. Qd2
 Nxb5  37. Qxd4  Nxd4
 38. Rxh6  Rd8  39. Nc3
 a3  40. Rg6  Nb3
 41. Rxg5  Rd3  42. Rg3
 Kd7  43. Rxd3+  cxd3
 44. f3  Kc6  45. h4
 Kc5  46. h5  d2 
47. Rd1  Ba6  48. Ne4+  Kb4
 49. Nxd2  Be2  50. Rb1
 a2  51. Rxb3+  Ka4
 52. Rb1  axb1=Q+  53. Nxb1
 1-0

[Event "PRAGUE OPEN 2019 - A - IM open"]
[Site "Praha, Olympik hotel"]
[Date "2019.01.18"]
[Round "9"]
[White "Chudinovskikh, Alexander M."]
[Black "Roeder, Matthias"]
[Result "0-1"]
[BlackElo "2396"]
[WhiteElo "2184"]
[LiveChessVersion "1.4.8"]

1. e4  c5  2. Nf3  d6
 3. d4  cxd4  4. Nxd4
 Nf6  5. Nc3  a6 
6. Bg5  e6  7. f4  h6
 8. Bh4  Qb6  9. Qd2
 Qxb2  10. Nb3  Be7
 11. e5  dxe5  12. Bxf6
 Bxf6  13. Na4  Qa3
 14. Nb6  O-O  15. Nxa8
 Rd8  16. Qf2  exf4
 17. Rd1  Qb4+  18. Nd2
 Bc3  19. Bd3  Nc6
 20. Kf1  e5  21. Ne4
 Qxe4  22. Bxe4  Rxd1+
 23. Ke2  Bg4+  24. Bf3
 Rd2+  25. Kf1  Rxf2+
 26. Kxf2  Bf5  27. Rb1
 e4  28. Bd1  b5 
29. Nc7  g5  30. Nxa6  Nd4
 31. Nb4  Be6  32. a3
 g4  33. Be2  e3+
 34. Kf1  Kf8  35. Nd3
 f3  36. gxf3  gxf3
 37. Bxf3  Nxf3  38. Ke2
 Nd4+  39. Kxe3  Nxc2+
 40. Ke4  Nxa3  41. Rc1
 b4  42. Nc5  f5+
 43. Kd3  Bc4+  44. Ke3
 0-1

[Event "PRAGUE OPEN 2019 - A - IM open"]
[Site "Praha, Olympik hotel"]
[Date "2019.01.18"]
[Round "9"]
[White "Lin, Yi"]
[Black "Sindler, Michal"]
[Result "1-0"]
[BlackElo "2221"]
[WhiteElo "2359"]
[LiveChessVersion "1.4.8"]

1. d4  Nf6  2. c4  g6
 3. Nc3  Bg7  4. e4
 d6  5. h3  O-O 
6. Nf3  e5  7. d5  Na6
 8. Be3  Nc5  9. Nd2
 a5  10. g4  c6 
11. Be2  Bd7  12. g5  Ne8
 13. h4  f5  14. f3
 Nc7  15. Nb3  N7a6
 16. Nxc5  Nxc5  17. Qd2
 cxd5  18. cxd5  Rc8
 19. Rc1  Qe8  20. O-O
 f4  21. Bf2  h6 
22. gxh6  Bxh6  23. Kg2  b5
 24. Bd3  Rf7  25. Rg1
 Rg7  26. Ne2  Nxd3
 27. Qxd3  g5  28. hxg5
 Rxc1  29. Nxc1  b4
 30. Ne2  Bb5  31. Qc2
 Bxg5  32. Kf1  Qh5
 33. Qc8+  Kh7  34. Qf5+
 Kh6  35. Ke1  Qxf3
 36. Ng3  Bd7  37. Qf8
 Bh4  38. Nf5+  Bxf5
 39. Qxg7+  Kh5  40. Qh8+
 Bh7  41. Qxh7# 1-0

[Event "PRAGUE OPEN 2019 - A - IM open"]
[Site "Praha, Olympik hotel"]
[Date "2019.01.18"]
[Round "9"]
[White "Vechet, Stanislav"]
[Black "Cerveny, Petr"]
[Result "0-1"]
[BlackElo "2318"]
[WhiteElo "2114"]
[LiveChessVersion "1.4.8"]

1. d4  Nf6  2. g3  c5
 3. d5  d6  4. c4
 e5  5. Nc3  g6 
6. e4  Bg7  7. h3  O-O
 8. Be3 Ne8 9. g4  f5  10. gxf5
 gxf5  11. exf5  Bxf5
 12. Nge2  Qh4  13. Ng3
 Bg6  14. Qd2  Nd7
 15. O-O-O  a6  16. Bg5
 Qd4  17. Be3  Qh4
 18. Bg5  Qd4  19. Be3
 Qxd2+  20. Kxd2  Ndf6
 21. Bd3  b5  22. a3
 Rb8  23. Bxg6  hxg6
 24. cxb5  Nc7  25. Kc2
 Nxb5  26. Nxb5  Rxb5
 27. Rd2  Rfb8  28. Kc1
 Kh7  29. Rhd1  Bh6
 30. Bxh6  Kxh6  31. Rc2
 Rb3  32. Rdd2  Kg5
 33. Rc4  Rh8  34. Kc2
 Rb6  35. Rd3  Rh4
 36. b3  Rd4  37. Rdxd4
 cxd4  38. Rc6  Nxd5
 39. Rxb6  Nxb6  40. Ne4+
 Kf4  41. Nxd6  Kf3
 42. Nc4  Nxc4  43. bxc4
 Ke2  0-1

[Event "PRAGUE OPEN 2019 - A - IM open"]
[Site "Praha, Olympik hotel"]
[Date "2019.01.18"]
[Round "9"]
[White "Mishuchkov, Nikolai"]
[Black "Llopis De Aysa, Manuel"]
[Result "1-0"]
[BlackElo "2105"]
[WhiteElo "2308"]
[LiveChessVersion "1.4.8"]

1. d4  g6  2. Nf3  Bg7
 3. e4  d6  4. Nc3
 Nf6  5. Be2  O-O
 6. O-O  c6  7. h3
 Qc7  8. Bf4  Nbd7
 9. e5  Nh5  10. exd6
 exd6  11. Bh2  Nhf6
 12. Nd2  Re8  13. Nc4
 Bf8  14. Bd3  b5
 15. Ne3  b4  16. Ne2
 Nb6  17. c4  bxc3
 18. Nxc3  Be6  19. Rc1
 Qd7  20. Qc2  a5
 21. Ne4  Nxe4  22. Bxe4
 d5  23. Qxc6  Qxc6
 24. Rxc6  dxe4  25. Rxb6
 Red8  26. Be5  Bxa2
 27. Ng4  Bg7  28. Ra1
 Be6  29. Nf6+  Kh8
 30. g4  a4  31. Kg2
 Bb3  32. Rc1  Rdc8
 33. Rxc8+  Rxc8  34. Kg3
 h6  35. h4  Rd8 
36. g5  h5  37. Kf4  Bd5
 38. Bc7  1-0

[Event "PRAGUE OPEN 2019 - A - IM open"]
[Site "Praha, Olympik hotel"]
[Date "2019.01.18"]
[Round "9"]
[White "Roques, Olivier"]
[Black "Olsarova, Karolina"]
[Result "0-1"]
[BlackElo "2263"]
[WhiteElo "2001"]
[LiveChessVersion "1.4.8"]

1. e4  Nf6  2. e5  Nd5
 3. c4  Nb6  4. d4
 d6  5. f4  dxe5 
6. fxe5  Nc6  7. Be3  Bf5
 8. Nc3  e6  9. Nf3
 Bg4  10. Be2  Bxf3
 11. gxf3  Qh4+  12. Bf2
 Qf4  13. c5  Nd5
 14. Nxd5  exd5  15. Qd2
 Qf5  16. Rg1  g6
 17. b4  Bg7  18. b5
 Nd8  19. Qd3  Qxd3
 20. Bxd3  Ne6  21. Be3
 f6  22. f4  Bh6 
23. exf6  Bxf4  24. Ke2  O-O
 25. Raf1  Bxe3  26. Kxe3
 Rae8  27. Kd2  Nxd4
 28. Bxg6  hxg6  29. Rxg6+
 Kf7  30. Rg7+  Ke6
 31. Rxc7  b6  32. f7
 Rd8  33. cxb6  axb6
 34. Rb7  Nxb5  35. Rxb6+
 Nd6  36. Kd3  Rxf7
 37. Rxf7  Kxf7  38. Kd4
 Ke6  39. h4  Rh8
 40. h5  Rc8  41. Rb4
 Nf5+  42. Kd3  Rh8
 43. Rb6+  Ke5  44. Kc3
 Rxh5  45. a4  Nd6
 46. a5  Rh3+  47. Kb4
 Rh4+  48. Kb3  Nc4
 49. Rb5  Rh6  50. Kb4
 Ra6  51. Rc5  Rxa5
 52. Rxc4  dxc4  53. Kxa5
 c3  0-1